[Event "Bayern-chTT (RL Nord-West)"]
[Site "Bayern 2008/09"]
[Date "2009.03.29"]
[Round "9.1"]
[White "Kannenberg, Karl-Heinz"]
[Black "Weigand, Hans-Christian"]
[Result "1/2-1/2"]
[WhiteElo "2132"]
[BlackElo "2001"]
[PlyCount "80"]
[EventDate "2009.03.??"]
[EventType "team-tourn"]
[EventRounds "9"]
[WhiteTeam "Kitzingen 1"]
[BlackTeam "Kronach 1"]

1. e4 e6 2. d4 d5 3. Nc3 dxe4 4. Nxe4 Nd7 5. Bd3 Ngf6 6. Qe2 Be7 7. Nf3 O-O 8.
Bg5 Re8 9. O-O-O Nxe4 10. Bxe7 Qxe7 11. Qxe4 Nf6 12. Qh4 g6 13. Rhe1 Nd5 14.
Ng5 f6 15. Nf3 Qd6 16. Bc4 Bd7 17. Kb1 b5 18. Bxd5 exd5 19. Nd2 Rxe1 20. Rxe1
Re8 21. Rxe8+ Bxe8 22. Nb3 Qe7 23. Qf4 g5 24. Qd2 Qd6 25. g3 Bg6 26. a3 h5 27.
Qe2 Kf7 28. Qxb5 h4 29. Qe2 Qe6 30. Qxe6+ Kxe6 31. Nd2 Kf5 32. f3 Bh5 33. Kc1
hxg3 34. hxg3 Bxf3 35. Nxf3 Kg4 36. Ne1 Kxg3 37. Kd2 Kf2 38. Nd3+ Kf3 39. Ne1+
Kf2 40. Nd3+ Kf3 1/2-1/2

[Event "Bayern-chTT (RL Nord-West)"]
[Site "Bayern 2008/09"]
[Date "2009.03.29"]
[Round "9.2"]
[White "Stauch, Edgar"]
[Black "Kunz, Konstantin"]
[Result "1-0"]
[WhiteElo "2090"]
[BlackElo "2179"]
[PlyCount "65"]
[EventDate "2009.03.??"]
[EventType "team-tourn"]
[EventRounds "9"]
[WhiteTeam "Kronach 1"]
[BlackTeam "Kitzingen 1"]

1. c4 c5 2. Nc3 Nc6 3. g3 g6 4. Bg2 Bg7 5. e4 d6 6. Nge2 e6 7. O-O Nge7 8. d3
O-O 9. Be3 Nd4 10. Qd2 b6 11. Bh6 Nxe2+ 12. Nxe2 e5 13. Bxg7 Kxg7 14. h3 f6 15.
f4 Rb8 16. Rf2 Be6 17. Raf1 Qd7 18. Kh2 Nc6 19. g4 Qe7 20. f5 gxf5 21. exf5 Bd7
22. Ng3 Kh8 23. g5 Nd4 24. h4 Bc6 25. Bxc6 Nxc6 26. Ne4 fxg5 27. hxg5 Rbd8 28.
Kh1 Nd4 29. g6 Qd7 30. Qg5 Qg7 31. Rh2 d5 32. cxd5 Rd7 33. f6 1-0

[Event "Bayern-chTT (RL Nord-West)"]
[Site "Bayern 2008/09"]
[Date "2009.03.29"]
[Round "9.3"]
[White "Basel, Matthias"]
[Black "Herdin, Hans-Ulrich"]
[Result "1-0"]
[WhiteElo "1994"]
[BlackElo "2057"]
[PlyCount "77"]
[EventDate "2009.03.??"]
[EventType "team-tourn"]
[EventRounds "9"]
[WhiteTeam "Kitzingen 1"]
[BlackTeam "Kronach 1"]

1. d4 Nf6 2. Nf3 g6 3. c4 Bg7 4. Nc3 O-O 5. e4 d6 6. Be2 Nc6 7. d5 Nb8 8. Nd2
c6 9. h4 h5 10. Nf1 e6 11. Bg5 Qa5 12. Qd2 exd5 13. cxd5 Re8 14. f3 cxd5 15.
Bxf6 Bxf6 16. Nxd5 Qxd2+ 17. Nxd2 Bxb2 18. Rb1 Bd4 19. Nc7 Bd7 20. Nxa8 Rc8 21.
Nc4 Na6 22. Nxd6 Rxa8 23. Bc4 Nc5 24. Nxf7 Kg7 25. Ke2 b6 26. Rbd1 Bc3 27. Ng5
b5 28. Rd5 Bb4 29. Bb3 Bc6 30. Rxc5 Bxc5 31. Ne6+ Kf6 32. Nxc5 a5 33. Rd1 Ke7
34. Bd5 Rc8 35. Bxc6 Rxc6 36. Nb3 a4 37. Nd4 Rb6 38. Rb1 b4 39. Rxb4 1-0

[Event "Bayern-chTT (RL Nord-West)"]
[Site "Bayern 2008/09"]
[Date "2009.03.29"]
[Round "9.4"]
[White "Lechleitner, Walter"]
[Black "Hanft, Michael"]
[Result "0-1"]
[WhiteElo "2029"]
[BlackElo "1977"]
[PlyCount "98"]
[EventDate "2009.03.??"]
[EventType "team-tourn"]
[EventRounds "9"]
[WhiteTeam "Kronach 1"]
[BlackTeam "Kitzingen 1"]

1. d4 Nf6 2. c4 g6 3. Nc3 Bg7 4. Nf3 O-O 5. Bf4 d6 6. h3 Nbd7 7. e3 c6 8. Be2
Qe8 9. e4 e5 10. dxe5 dxe5 11. Be3 Qe7 12. O-O Ne8 13. Qc2 f5 14. exf5 gxf5 15.
Bg5 Qf7 16. Nh4 Nc5 17. Be3 Ne6 18. g4 Nd4 19. Bxd4 exd4 20. Nb1 Qf6 21. Nxf5
Bxf5 22. Qxf5 Qxf5 23. gxf5 d3 24. Bxd3 Bxb2 25. Na3 Bxa3 26. Rab1 b6 27. Be4
Rc8 28. Rb3 Bc5 29. Rf3 Nf6 30. Bc2 Kf7 31. Rd1 Rfd8 32. Rfd3 Rxd3 33. Rxd3 Ke7
34. Kf1 Rd8 35. Rg3 Kf8 36. Ke2 Bxf2 37. Ra3 a5 38. Ba4 Bc5 39. Rd3 Rxd3 40.
Kxd3 Ke7 41. Bxc6 Kd6 42. Bb7 Ke5 43. Bc8 Nh5 44. Ke2 Ng3+ 45. Kf3 Nxf5 46. Kg4
Nd6 47. Ba6 Be3 48. Kf3 Kd4 49. Kg4 Nxc4 0-1

[Event "Bayern-chTT (RL Nord-West)"]
[Site "Bayern 2008/09"]
[Date "2009.03.29"]
[Round "9.5"]
[White "Kwossek, Georg"]
[Black "Becker, Alexander(63)"]
[Result "1/2-1/2"]
[WhiteElo "1981"]
[BlackElo "1992"]
[PlyCount "26"]
[EventDate "2009.03.??"]
[EventType "team-tourn"]
[EventRounds "9"]
[WhiteTeam "Kitzingen 1"]
[BlackTeam "Kronach 1"]

1. d4 d5 2. Nf3 Nf6 3. c4 dxc4 4. e3 e6 5. Bxc4 c5 6. O-O a6 7. a4 Qc7 8. Qe2
Nc6 9. Nc3 Bd6 10. Bd2 O-O 11. Rac1 b6 12. Rfd1 Bb7 13. d5 Ne5 1/2-1/2

[Event "Bayern-chTT (RL Nord-West)"]
[Site "Bayern 2008/09"]
[Date "2009.03.29"]
[Round "9.6"]
[White "Hoermann, Fabian"]
[Black "Gernert, Ingolf"]
[Result "1/2-1/2"]
[WhiteElo "1978"]
[BlackElo "1971"]
[PlyCount "94"]
[EventDate "2009.03.??"]
[EventType "team-tourn"]
[EventRounds "9"]
[WhiteTeam "Kronach 1"]
[BlackTeam "Kitzingen 1"]

1. c4 e5 2. Nc3 Nf6 3. g3 Bb4 4. Bg2 Nc6 5. e4 O-O 6. Nge2 Re8 7. O-O a5 8. d3
Bc5 9. h3 b6 10. Kh2 Nd4 11. f4 c6 12. fxe5 Rxe5 13. Bf4 Re6 14. e5 Ne8 15. Ne4
Nxe2 16. Qxe2 f6 17. Qf3 Bd4 18. Ng5 fxg5 19. Bxg5 Nf6 20. exf6 Bxf6 21. Bxf6
Rxf6 22. Qe3 Re6 23. Qd4 Bb7 24. Rae1 c5 25. Qc3 Bxg2 26. Kxg2 Qe8 27. Qd2 Rc8
28. Qf2 Rxe1 29. Rxe1 Qf7 30. Qxf7+ Kxf7 31. Kf3 Rc6 32. Re5 Rf6+ 33. Ke4 g6
34. Ke3 Rf1 35. Kd2 Rg1 36. Re3 Rh1 37. h4 Rb1 38. Kc2 Rf1 39. Kd2 Rf2+ 40. Re2
Rf6 41. Re5 Rd6 42. Ke3 Kf6 43. Re4 h6 44. g4 Rc6 45. b3 Kf7 46. d4 cxd4+ 47.
Rxd4 Re6+ 1/2-1/2

[Event "Bayern-chTT (RL Nord-West)"]
[Site "Bayern 2008/09"]
[Date "2009.03.29"]
[Round "9.7"]
[White "Degering, Florian"]
[Black "Horther, Heinrich"]
[Result "1-0"]
[WhiteElo "1990"]
[BlackElo "1991"]
[PlyCount "87"]
[EventDate "2009.03.??"]
[EventType "team-tourn"]
[EventRounds "9"]
[WhiteTeam "Kitzingen 1"]
[BlackTeam "Kronach 1"]

1. e4 e6 2. d4 d5 3. Bd3 c5 4. dxc5 Bxc5 5. exd5 exd5 6. Nc3 Nf6 7. Nge2 O-O 8.
O-O Nc6 9. Bg5 Be7 10. Nf4 d4 11. Nb1 h6 12. Bxf6 Bxf6 13. Nd2 Be5 14. Ne2 Bg4
15. h3 Be6 16. Nf3 Qd5 17. b3 Rad8 18. Nxe5 Qxe5 19. Qd2 Ne7 20. Rae1 Qc5 21.
Qf4 Bf5 22. Bxf5 Nxf5 23. Qd2 Rd6 24. Nc1 Rc8 25. Re2 Rdc6 26. Qf4 Rf6 27. Nd3
Qd5 28. Re5 Qd7 29. Qe4 g6 30. Nf4 Qc6 31. Nd5 Re6 32. g4 Rxe5 33. Qxe5 f6 34.
Nxf6+ Kf7 35. gxf5 Qxf6 36. Qd5+ Ke8 37. Qxb7 Qxf5 38. Qxa7 Qg5+ 39. Kh1 Rc3
40. Qa8+ Kf7 41. Qb7+ Kf8 42. Qd7 Qf6 43. Re1 Qf7 44. Qd8+ 1-0

[Event "Bayern-chTT (RL Nord-West)"]
[Site "Bayern 2008/09"]
[Date "2009.03.29"]
[Round "9.8"]
[White "Schmierer, Hans-Joachim"]
[Black "Eckert, Leo"]
[Result "1/2-1/2"]
[WhiteElo "1856"]
[BlackElo "1872"]
[PlyCount "166"]
[EventDate "2009.03.??"]
[EventType "team-tourn"]
[EventRounds "9"]
[WhiteTeam "Kronach 1"]
[BlackTeam "Kitzingen 1"]

1. c4 c5 2. g3 g6 3. Bg2 Bg7 4. Nc3 Nc6 5. d3 Nf6 6. Nf3 O-O 7. O-O a6 8. Rb1
Rb8 9. a4 d6 10. d4 Bf5 11. Ra1 cxd4 12. Nxd4 Nxd4 13. Qxd4 Ne4 14. Qe3 Nxc3
15. bxc3 Qc7 16. Bd2 Bf6 17. h3 Qxc4 18. g4 Be6 19. Be4 Rfc8 20. Rfc1 Qc5 21.
Qf3 d5 22. Bd3 Qa5 23. Bf4 Ra8 24. Rab1 Qxa4 25. Rxb7 Qc6 26. Rcb1 a5 27. g5
Bxc3 28. R1b6 Qe8 29. Bb5 Qd8 30. Qg3 Bd4 31. Rc6 Rxc6 32. Bxc6 Rc8 33. Bc7 Qf8
34. Qb3 h5 35. h4 Qg7 36. Qa3 Be5 37. Qxe7 Bxc7 38. Rxc7 Rxc7 39. Qxc7 Qc3 40.
Qd8+ Kg7 41. Bxd5 Bxd5 42. Qxd5 a4 43. e4 a3 44. e5 Qe1+ 45. Kg2 Qe2 46. Qd6
Qg4+ 47. Kf1 Qf3 48. Qa6 Qb3 49. f4 Qf3+ 50. Ke1 Qxf4 51. Qxa3 Qxe5+ 52. Kd1
Qf4 53. Ke2 Qxh4 54. Qc3+ Kh7 55. Qf6 Qg4+ 56. Kd2 Qf5 57. Qe7 h4 58. Qe3 h3
59. Qg3 Qd5+ 60. Ke1 Qh1+ 61. Kf2 Qg2+ 62. Qxg2 hxg2 63. Kxg2 Kg7 64. Kg3 Kf8
65. Kf4 Ke8 66. Ke4 Kd7 67. Kd5 Ke7 68. Ke5 f5 69. gxf6+ Kf7 70. Ke4 Kxf6 71.
Kf4 g5+ 72. Kg4 Kg6 73. Kg3 Kf5 74. Kf3 g4+ 75. Kg3 Kg5 76. Kg2 Kf4 77. Kf2 g3+
78. Kg2 Kg4 79. Kg1 Kf4 80. Kg2 Kg4 81. Kg1 Kf3 82. Kf1 g2+ 83. Kg1 Ke2 1/2-1/2

[Event "Bayern-chTT (RL Nord-West)"]
[Site "Bayern 2008/09"]
[Date "2009.03.29"]
[Round "9.1"]
[White "Wunder, Horst"]
[Black "Schramm, Christian(73)"]
[Result "1/2-1/2"]
[WhiteElo "2134"]
[BlackElo "2261"]
[PlyCount "99"]
[EventDate "2009.03.??"]
[EventType "team-tourn"]
[EventRounds "9"]
[WhiteTeam "Nordhalben 1"]
[BlackTeam "Obernau 1"]

1. Nf3 c5 2. g3 b6 3. Bg2 Bb7 4. O-O Nf6 5. c4 Qc7 6. Nc3 a6 7. b3 e6 8. Bb2
Be7 9. d4 cxd4 10. Qxd4 d6 11. Rfd1 Nbd7 12. Rac1 O-O 13. Ng5 Bxg2 14. Kxg2
Rfd8 15. Kg1 Bf8 16. Nce4 h6 17. Nxf6+ Nxf6 18. Ne4 Ne8 19. Qe3 Qb8 20. Rd2 b5
21. cxb5 axb5 22. Ba1 Rc8 23. Rdc2 Rxc2 24. Rxc2 Qb7 25. Qd3 b4 26. Nd2 d5 27.
Nf3 Nd6 28. Ne5 Rc8 29. Qd2 Ne4 30. Qc1 Rxc2 31. Qxc2 Bc5 32. Nd3 Bf8 33. Bd4
f6 34. f3 Nc3 35. a4 e5 36. Bf2 Qc6 37. Kg2 e4 38. Ne1 Bc5 39. Bxc5 Qxc5 40.
Qd2 Kf7 41. Nc2 Ke6 42. Nd4+ Ke5 43. f4+ Kd6 44. e3 Qc8 45. h3 Qa6 46. Kf2 g5
47. Nf5+ Ke6 48. Nd4+ Kd6 49. Nf5+ Ke6 50. Nd4+ 1/2-1/2

[Event "Bayern-chTT (RL Nord-West)"]
[Site "Bayern 2008/09"]
[Date "2009.03.29"]
[Round "9.2"]
[White "Scherer, Ralf"]
[Black "Wunder, Stefan(58)"]
[Result "1-0"]
[WhiteElo "2120"]
[BlackElo "2034"]
[PlyCount "73"]
[EventDate "2009.03.??"]
[EventType "team-tourn"]
[EventRounds "9"]
[WhiteTeam "Obernau 1"]
[BlackTeam "Nordhalben 1"]

1. g3 g6 2. Bg2 Bg7 3. d4 d6 4. e4 c6 5. Ne2 Nf6 6. O-O O-O 7. h3 Nbd7 8. Be3
e5 9. Qd2 Re8 10. Nbc3 Qc7 11. f4 exd4 12. Bxd4 Nb6 13. b3 Nbd7 14. g4 Nc5 15.
Ng3 Ne6 16. Be3 Qa5 17. Rab1 Nd7 18. b4 Qc7 19. Rbd1 b5 20. Nce2 Nb6 21. f5 Nf8
22. f6 Nc4 23. Qc3 Bh8 24. a4 Nxe3 25. Qxe3 bxa4 26. Qd4 Qb6 27. Qxb6 axb6 28.
Rxd6 Bb7 29. Nd4 Ne6 30. Nxe6 Rxe6 31. Rxe6 fxe6 32. e5 a3 33. b5 a2 34. Ra1
Ra3 35. Kf2 Kf8 36. Bxc6 Bc8 37. Ne4 1-0

[Event "Bayern-chTT (RL Nord-West)"]
[Site "Bayern 2008/09"]
[Date "2009.03.29"]
[Round "9.3"]
[White "Hild, Detlef"]
[Black "Frey, Michael(77)"]
[Result "1/2-1/2"]
[WhiteElo "2050"]
[BlackElo "2058"]
[PlyCount "21"]
[EventDate "2009.03.??"]
[EventType "team-tourn"]
[EventRounds "9"]
[WhiteTeam "Nordhalben 1"]
[BlackTeam "Obernau 1"]

1. Nf3 f5 2. d4 Nf6 3. g3 g6 4. Bg2 Bg7 5. O-O O-O 6. c4 d6 7. Nc3 Qe8 8. Nd5
Nxd5 9. cxd5 c6 10. Qb3 e6 11. Bf4 1/2-1/2

[Event "Bayern-chTT (RL Nord-West)"]
[Site "Bayern 2008/09"]
[Date "2009.03.29"]
[Round "9.4"]
[White "Gerlach-Buedinger, Manuela"]
[Black "Scherbel, Hans"]
[Result "0-1"]
[WhiteElo "1975"]
[BlackElo "2023"]
[PlyCount "81"]
[EventDate "2009.03.??"]
[EventType "team-tourn"]
[EventRounds "9"]
[WhiteTeam "Obernau 1"]
[BlackTeam "Nordhalben 1"]

1. d4 e6 2. Nf3 d5 3. c3 Nf6 4. Bg5 Nbd7 5. e3 Be7 6. Bd3 Ne4 7. Bxe7 Qxe7 8.
O-O O-O 9. c4 c6 10. Qc2 f5 11. Nc3 b6 12. a3 Bb7 13. Rac1 Rac8 14. b4 Kh8 15.
Qb2 Nxc3 16. Qxc3 Qf6 17. Ne5 Nxe5 18. dxe5 Qe7 19. f4 c5 20. b5 Rfd8 21. Rcd1
d4 22. exd4 Rxd4 23. Be2 Rcd8 24. a4 g5 25. Rxd4 cxd4 26. Qd2 Qc5 27. Kh1 d3
28. fxg5 Qxe5 29. Bh5 Be4 30. a5 Qd4 31. axb6 axb6 32. Rc1 Kg7 33. h3 Qe5 34.
Qb4 Qd6 35. Qc3+ e5 36. Qd2 Qd4 37. Qb4 Rd6 38. Qd2 f4 39. Kh2 Qe3 40. Rd1 Qg3+
41. Kh1 0-1

[Event "Bayern-chTT (RL Nord-West)"]
[Site "Bayern 2008/09"]
[Date "2009.03.29"]
[Round "9.5"]
[White "Burgemeister, Wolfgang"]
[Black "Schmitt, Dieter(54)"]
[Result "1/2-1/2"]
[WhiteElo "1979"]
[BlackElo "1950"]
[PlyCount "99"]
[EventDate "2009.03.??"]
[EventType "team-tourn"]
[EventRounds "9"]
[WhiteTeam "Nordhalben 1"]
[BlackTeam "Obernau 1"]

1. Nf3 g6 2. g3 Bg7 3. d4 d6 4. Bg2 Nc6 5. d5 Nb8 6. Nd4 Nf6 7. O-O O-O 8. c4
e5 9. dxe6 fxe6 10. Nc3 Qe7 11. h3 Nbd7 12. e4 Ne5 13. Qe2 c5 14. Nb3 Bd7 15.
f4 Nc6 16. Be3 Nh5 17. Kh2 Nd4 18. Qd2 e5 19. Nd5 Qd8 20. Bxd4 cxd4 21. c5 Bb5
22. Rf3 Bc4 23. Re1 Bxb3 24. Rxb3 Rf7 25. cxd6 Qxd6 26. f5 gxf5 27. exf5 Bh6
28. Qd3 Re8 29. Be4 Rg7 30. Qb5 Rc8 31. Qe2 Nf6 32. Nxf6+ Qxf6 33. Bxb7 Re8 34.
Bd5+ Kh8 35. Be6 Be3 36. Rxe3 dxe3 37. Qxe3 Rc7 38. Re2 Rd8 39. h4 Kg7 40. Kh3
Rd1 41. Qf3 Rd4 42. Qa8 Qd8 43. Qxd8 Rxd8 44. Rxe5 Rd2 45. Re3 h5 46. g4 hxg4+
47. Kxg4 Rxb2 48. Bd5 Rd2 49. Bb3 Rg2+ 50. Kf3 1/2-1/2

[Event "Bayern-chTT (RL Nord-West)"]
[Site "Bayern 2008/09"]
[Date "2009.03.29"]
[Round "9.6"]
[White "Frankenberger, Ralf"]
[Black "Stumpf, Hilmar"]
[Result "0-1"]
[WhiteElo "1913"]
[BlackElo "1866"]
[PlyCount "84"]
[EventDate "2009.03.??"]
[EventType "team-tourn"]
[EventRounds "9"]
[WhiteTeam "Obernau 1"]
[BlackTeam "Nordhalben 1"]

1. d4 g6 2. Nc3 Bg7 3. e4 d6 4. Bg5 c6 5. Qd2 Nd7 6. f4 a6 7. Nf3 Qc7 8. a4 Qa5
9. Bd3 f6 10. Bh4 Nh6 11. h3 O-O 12. O-O e5 13. dxe5 dxe5 14. f5 Nf7 15. g4 g5
16. Bf2 Nc5 17. Bc4 Kh8 18. Qe3 Nd7 19. Kg2 h6 20. h4 b6 21. hxg5 fxg5 22. Rh1
Nd6 23. Be6 Nf6 24. Nxg5 Bxe6 25. Nxe6 Nf7 26. g5 Ng4 27. Qg3 Nxf2 28. gxh6 Bf6
29. Nxf8 Rxf8 30. Kxf2 Rg8 31. Qf3 Qc5+ 32. Qe3 Rg2+ 33. Kxg2 Qxe3 34. Rad1
Qg5+ 35. Kf3 Qf4+ 36. Ke2 Bh4 37. Rdf1 Qg4+ 38. Kd3 Qg3+ 39. Kc4 Nd6+ 40. Kb3
Qg8+ 41. Nd5 cxd5 42. Rxh4 Qg3+ 0-1

[Event "Bayern-chTT (RL Nord-West)"]
[Site "Bayern 2008/09"]
[Date "2009.03.29"]
[Round "9.7"]
[White "Mueller, Sven(77)"]
[Black "Thomele, Michael"]
[Result "0-1"]
[WhiteElo "1800"]
[BlackElo "1890"]
[PlyCount "59"]
[EventDate "2009.03.??"]
[EventType "team-tourn"]
[EventRounds "9"]
[WhiteTeam "Nordhalben 1"]
[BlackTeam "Obernau 1"]

1. d4 e6 2. Nf3 Nf6 3. Bf4 c5 4. c3 d5 5. e3 Nc6 6. h3 Be7 7. Be2 Ne4 8. Nbd2
f5 9. Nxe4 fxe4 10. Nd2 O-O 11. g4 cxd4 12. Bb5 dxe3 13. Bxe3 Ne5 14. Qc2 Bd7
15. Be2 b5 16. Nb3 a5 17. Nd4 b4 18. O-O Rc8 19. f4 exf3 20. Nxf3 Nxf3+ 21.
Rxf3 Qc7 22. Bd4 e5 23. Rxf8+ Bxf8 24. Bf2 bxc3 25. b3 d4 26. Bc4+ Kh8 27. Qe4
Bd6 28. Rf1 Bc6 29. Bd5 Bxd5 30. Qxd5 0-1

[Event "Bayern-chTT (RL Nord-West)"]
[Site "Bayern 2008/09"]
[Date "2009.03.29"]
[Round "9.8"]
[White "Becker, Thomas(60)"]
[Black "Fischer, Frank(73)"]
[Result "1-0"]
[WhiteElo "1806"]
[BlackElo "1585"]
[PlyCount "71"]
[EventDate "2009.03.??"]
[EventType "team-tourn"]
[EventRounds "9"]
[WhiteTeam "Obernau 1"]
[BlackTeam "Nordhalben 1"]

1. e4 c5 2. Nf3 Nc6 3. d4 cxd4 4. Nxd4 Nf6 5. Nc3 e6 6. Nb3 d6 7. Be2 Be7 8.
O-O O-O 9. Be3 Bd7 10. f4 b6 11. Bf3 Rc8 12. Qe2 Qc7 13. Rad1 Rfd8 14. Kh1 Ne8
15. g4 Bf6 16. Nb5 Qb8 17. N5d4 e5 18. fxe5 Bxe5 19. c3 Nxd4 20. Nxd4 g6 21.
Bg2 Ng7 22. Qf3 Rf8 23. Bh6 Qc7 24. Qh3 Qc4 25. a3 f6 26. Qf3 Rf7 27. Rf2 Ne6
28. Bf1 Qa2 29. Nb5 Bxb5 30. Bxb5 Ng5 31. Qe3 Ne6 32. h4 Qb3 33. Qe2 Rcc7 34.
Bc1 Bg3 35. Rf3 Bxh4 36. Rxd6 1-0

[Event "Bayern-chTT (RL Nord-West)"]
[Site "Bayern 2008/09"]
[Date "2009.03.29"]
[Round "9.1"]
[White "Englert, Fabian"]
[Black "Schindler, Viktor(58)"]
[Result "1/2-1/2"]
[WhiteElo "2174"]
[BlackElo "2161"]
[PlyCount "79"]
[EventDate "2009.03.??"]
[EventType "team-tourn"]
[EventRounds "9"]
[WhiteTeam "Klingenberg 1"]
[BlackTeam "Hof 1"]

1. d4 Nf6 2. c4 g6 3. Nc3 d5 4. cxd5 Nxd5 5. Bd2 Bg7 6. e4 Nxc3 7. Bxc3 c5 8.
d5 Bxc3+ 9. bxc3 Qa5 10. Qd2 Nd7 11. Ne2 Ne5 12. Ng3 h5 13. f4 h4 14. fxe5 hxg3
15. h3 Rh4 16. Bd3 c4 17. Bc2 Rf4 18. Rf1 g5 19. Rxf4 gxf4 20. Ke2 Bd7 21. Rf1
O-O-O 22. Rxf4 e6 23. Rxf7 Bc6 24. Kf3 exd5 25. Kxg3 dxe4 26. Qf4 Qxc3+ 27. Kh2
Qd4 28. e6 Qd6 29. e7 Qxf4+ 30. Rxf4 Re8 31. Bxe4 Bxe4 32. Rxe4 b5 33. a4 a6
34. axb5 axb5 35. Re5 Kd7 36. Rxb5 Rxe7 37. Rc5 Re4 38. g4 Kd6 39. Rc8 Kd7 40.
Rc5 1/2-1/2

[Event "Bayern-chTT (RL Nord-West)"]
[Site "Bayern 2008/09"]
[Date "2009.03.29"]
[Round "9.2"]
[White "Hertel, Hans"]
[Black "Strobel, Walter(53)"]
[Result "1-0"]
[WhiteElo "2070"]
[BlackElo "2127"]
[PlyCount "104"]
[EventDate "2009.03.??"]
[EventType "team-tourn"]
[EventRounds "9"]
[WhiteTeam "Hof 1"]
[BlackTeam "Klingenberg 1"]

1. d4 Nf6 2. c3 g6 3. Bg5 Bg7 4. Nd2 d5 5. e3 O-O 6. Bd3 c5 7. Bxf6 Bxf6 8. f4
Qb6 9. Rb1 Nc6 10. Ngf3 Bg7 11. O-O Qa5 12. Nb3 Qxa2 13. Nxc5 Qa5 14. Nh4 Qd8
15. Qe1 Na5 16. f5 Qd6 17. Bc2 b6 18. Nd3 Nc4 19. b3 Na3 20. Rc1 Ba6 21. Qd2 g5
22. f6 Nxc2 23. fxg7 Rfe8 24. Nf5 Qg6 25. Ne5 Qe6 26. Nxf7 Kxf7 27. Rf3 Red8
28. Qxc2 Kg8 29. Rh3 Qe4 30. Qf2 Bd3 31. Rf3 Rac8 32. c4 a5 33. c5 b5 34. h4 g4
35. Rf4 Qe6 36. h5 Bxf5 37. Rxf5 Kxg7 38. Rf1 Rg8 39. Rf7+ Kh8 40. Rf4 a4 41.
bxa4 bxa4 42. Ra1 Ra8 43. g3 Rg7 44. Rf5 h6 45. Re5 Qc6 46. Qf5 Rg5 47. Qf4 Rg7
48. Rf5 Kh7 49. Qe5 a3 50. Rf2 Qd7 51. e4 dxe4 52. Qxe4+ Kg8 1-0

[Event "Bayern-chTT (RL Nord-West)"]
[Site "Bayern 2008/09"]
[Date "2009.03.29"]
[Round "9.3"]
[White "Kraich, Klaus"]
[Black "Seidel, Michael ProfDr(68)"]
[Result "1-0"]
[WhiteElo "2100"]
[BlackElo "1962"]
[PlyCount "83"]
[EventDate "2009.03.??"]
[EventType "team-tourn"]
[EventRounds "9"]
[WhiteTeam "Klingenberg 1"]
[BlackTeam "Hof 1"]

1. e4 d6 2. d4 Nf6 3. Nc3 g6 4. f4 Bg7 5. Nf3 O-O 6. Bd3 Nc6 7. h3 e5 8. fxe5
dxe5 9. d5 Ne7 10. Bg5 Ne8 11. Qe2 Nd6 12. O-O h6 13. Be3 f5 14. Bc5 f4 15. Nb5
g5 16. Nh2 Bd7 17. c4 Be8 18. Ba3 a6 19. Nc3 b6 20. c5 bxc5 21. Bxc5 Qc8 22.
Rac1 Qb7 23. a4 Ng6 24. b4 Rf7 25. Ra1 Bf8 26. Nd1 Rh7 27. Nb2 h5 28. Nf3 Be7
29. Nc4 g4 30. hxg4 hxg4 31. Nfxe5 f3 32. Qd2 fxg2 33. Qxg2 Nh4 34. Qg3 Rd8 35.
Rf4 Nxc4 36. Rxg4+ Bg6 37. Nxg6 Bxc5+ 38. bxc5 Nxg6 39. Rxg6+ Kh8 40. Bxc4 Qb2
41. Rf1 Qd4+ 42. Qf2 1-0

[Event "Bayern-chTT (RL Nord-West)"]
[Site "Bayern 2008/09"]
[Date "2009.03.29"]
[Round "9.4"]
[White "Urytskyy, Michael"]
[Black "Kuhn, Tobias(85)"]
[Result "1-0"]
[WhiteElo "2003"]
[BlackElo "2053"]
[PlyCount "85"]
[EventDate "2009.03.??"]
[EventType "team-tourn"]
[EventRounds "9"]
[WhiteTeam "Hof 1"]
[BlackTeam "Klingenberg 1"]

1. e4 c5 2. d4 cxd4 3. c3 Nf6 4. e5 Nd5 5. Nf3 e6 6. Bc4 Nc6 7. cxd4 d6 8. O-O
dxe5 9. dxe5 Be7 10. Qe2 a6 11. Rd1 b5 12. Bxd5 exd5 13. Nc3 Be6 14. Be3 O-O
15. Nd4 Rc8 16. Nxe6 fxe6 17. Qg4 Qd7 18. Rxd5 Qe8 19. Qxe6+ Kh8 20. Rd7 Bb4
21. Qxe8 Rfxe8 22. f4 Bxc3 23. bxc3 Nb8 24. Rd3 Rc4 25. Rad1 h6 26. Rd8 Rc8 27.
Rxe8+ Rxe8 28. Bb6 Rc8 29. Rd8+ Rxd8 30. Bxd8 Kh7 31. Kf2 Kg6 32. Kf3 Nd7 33.
Be7 Kf5 34. Bd6 h5 35. h3 Nb6 36. g4+ hxg4+ 37. hxg4+ Ke6 38. Ke4 Nc4 39. f5+
Kf7 40. Bc5 a5 41. e6+ Ke8 42. g5 Nd2+ 43. Kf4 1-0

[Event "Bayern-chTT (RL Nord-West)"]
[Site "Bayern 2008/09"]
[Date "2009.03.29"]
[Round "9.5"]
[White "Wambach, Juergen"]
[Black "Scheidt, Joerg Dr"]
[Result "1-0"]
[WhiteElo "1975"]
[BlackElo "1975"]
[PlyCount "75"]
[EventDate "2009.03.??"]
[EventType "team-tourn"]
[EventRounds "9"]
[WhiteTeam "Klingenberg 1"]
[BlackTeam "Hof 1"]

1. c4 b6 2. Nc3 Bb7 3. e4 e6 4. d4 d6 5. Nf3 Nd7 6. Bd3 g6 7. b3 Bg7 8. Bb2 Ne7
9. Qe2 a6 10. O-O O-O 11. Rad1 h6 12. Bb1 Re8 13. Ne1 Nc6 14. Nc2 Ne7 15. f4 f5
16. e5 d5 17. Ne3 Nf8 18. a4 Qd7 19. Ba3 Red8 20. Rd2 Qe8 21. Ba2 c6 22. Bd6
Nd7 23. b4 Rdc8 24. b5 axb5 25. axb5 Kh7 26. bxc6 Rxc6 27. Nb5 dxc4 28. Bxc4
Rxc4 29. Qxc4 Nd5 30. Nxd5 Bxd5 31. Qb4 Ra5 32. Nc7 Qc8 33. Nxd5 Rxd5 34. Qb2
Qc4 35. Rc1 Qa4 36. Ra1 Qc6 37. Rc2 Qb7 38. Rc7 1-0

[Event "Bayern-chTT (RL Nord-West)"]
[Site "Bayern 2008/09"]
[Date "2009.03.29"]
[Round "9.6"]
[White "Schleupner, Kurt"]
[Black "Suess, Mirco"]
[Result "1/2-1/2"]
[WhiteElo "1877"]
[BlackElo "1930"]
[PlyCount "89"]
[EventDate "2009.03.??"]
[EventType "team-tourn"]
[EventRounds "9"]
[WhiteTeam "Hof 1"]
[BlackTeam "Klingenberg 1"]

1. e4 e6 2. d4 d5 3. Nc3 Bb4 4. e5 Qd7 5. a3 Bxc3+ 6. bxc3 b6 7. Nf3 Ne7 8. Bd3
Ba6 9. O-O Bxd3 10. Qxd3 c5 11. a4 cxd4 12. cxd4 Nbc6 13. Ba3 Na5 14. Nd2 Rc8
15. Bb4 Nc4 16. a5 Nc6 17. c3 N4xa5 18. Qg3 f5 19. exf6 gxf6 20. Ba3 Nd8 21.
Rfe1 Qe7 22. Qg4 Qf7 23. Qf3 Kd7 24. Rac1 Nc4 25. Nxc4 Rxc4 26. Qg3 Kc8 27. Rb1
Rg8 28. Qf3 Rg6 29. g3 h5 30. Rb4 Rc7 31. Qd3 Nc6 32. Rb2 Na5 33. Rbe2 f5 34.
Bc1 Kb7 35. Bf4 Rc6 36. h4 Rg8 37. Rb1 Rgc8 38. Rc2 Nc4 39. Ra2 a5 40. Kh2 Ra8
41. Qe2 Qe8 42. Qd1 Nd6 43. f3 Nc4 44. Qb3 Rcc8 45. Ra4 1/2-1/2

[Event "Bayern-chTT (RL Nord-West)"]
[Site "Bayern 2008/09"]
[Date "2009.03.29"]
[Round "9.7"]
[White "Zoeller, Bernd"]
[Black "Sieber, Heiko"]
[Result "1-0"]
[WhiteElo "1904"]
[BlackElo "1947"]
[PlyCount "58"]
[EventDate "2009.03.??"]
[EventType "team-tourn"]
[EventRounds "9"]
[WhiteTeam "Klingenberg 1"]
[BlackTeam "Hof 1"]

1. e4 e5 2. Nf3 Nc6 3. Bb5 a6 4. Ba4 Nf6 5. O-O Be7 6. d3 d6 7. h3 b5 8. Bb3
Na5 9. Bg5 h6 10. Bxf6 Bxf6 11. Nc3 c6 12. Ne2 g5 13. d4 Nxb3 14. axb3 g4 15.
hxg4 Bxg4 16. dxe5 Bxf3 17. exf6 Rg8 18. g3 Qxf6 19. Qd3 Rg4 20. Rfe1 Bxe2 21.
Qxe2 Rg5 22. Kg2 Qxb2 23. Qd3 Kd7 24. c4 Qe5 25. Ra2 Kc7 26. Rc1 Kb7 27. cxb5
cxb5 28. Rac2 Re8 29. Rc7+ Kb8 1-0